Normal view
MARC view
- Lean manufacturing
Entry Topical Term
001 - CONTROL NUMBER
- control field: 86018
003 - CONTROL NUMBER IDENTIFIER
- control field: NUST
005 - DATE AND TIME OF LATEST TRANSACTION
- control field: 20211208101049.0
008 - FIXED-LENGTH DATA ELEMENTS
- fixed length control field: 211208|| aca||aabn | a|a d
040 ## - CATALOGING SOURCE
- Original cataloging agency: NUST
- Transcribing agency: NUST
150 ## - HEADING--TOPICAL TERM
- Topical term or geographic name entry element: Lean manufacturing
670 ## - SOURCE DATA FOUND
- Source citation: Work cat.: (NUST)34022: Wilson, Lonnie, 1947- 86016, How to Implement Lean Manufacturing /, c2010.
